HBRS 10 MUST READS ON PLATFORMS AND ECOSYSTEMS (Record no. 7240)
[ view plain ]
| 000 -LEADER | |
|---|---|
| fixed length control field | 00258nam a2200109Ia 4500 |
| 008 - FIXED-LENGTH DATA ELEMENTS--GENERAL INFORMATION | |
| fixed length control field | 250327s9999 xx 000 0 und d |
| 020 ## - INTERNATIONAL STANDARD BOOK NUMBER | |
| International Standard Book Number | 9781633699885 |
| 082 ## - DEWEY DECIMAL CLASSIFICATION NUMBER | |
| Classification number | CQR |
| 245 #0 - TITLE STATEMENT | |
| Title | HBRS 10 MUST READS ON PLATFORMS AND ECOSYSTEMS |
| 260 ## - PUBLICATION, DISTRIBUTION, ETC. | |
| Name of publisher, distributor, etc. | PEN |
| 942 ## - ADDED ENTRY ELEMENTS (KOHA) | |
| Koha item type | Book |
| Date last seen | Total Checkouts | Full call number | Barcode | Cost, replacement price | Price effective from | Koha item type | Lost status | Damaged status | Not for loan | Withdrawn status | Home library | Current library | Shelving location | Date acquired | Cost, normal purchase price |
|---|---|---|---|---|---|---|---|---|---|---|---|---|---|---|---|
| 03/27/2025 | 381.1 HBR | 002956 | 799.00 | 03/27/2025 | Book | Indian Institute of Management Visakhapatnam | Indian Institute of Management Visakhapatnam | HBR | 03/27/2025 | 799.00 |